[Event "Chrudim op"]
[Site "Chrudim"]
[Date "2003.07.12"]
[Round "8"]
[White "Kus, Martin"]
[Black "Hlavacek, Bedrich"]
[Result "1-0"]
[WhiteElo "1250"]
[BlackElo "1608"]
[PlyCount "47"]
[EventDate "2003.07.??"]
[EventType "swiss"]
[EventRounds "9"]
[EventCountry "CZE"]
[SourceTitle "EXT 2006"]
[Source "ChessBase"]
[SourceDate "2005.11.24"]
[SourceVersion "1"]
[SourceVersionDate "2005.11.24"]
[SourceQuality "1"]

1. e4 e5 2. Nf3 Nc6 3. Bc4 Bc5 4. c3 Nf6 5. d4 exd4 6. cxd4 Bb6 7. e5 Qe7 8. 0-0 Ng4 9. h3 Nh6 10. Bg5 Qb4 11. b3 0-0 12. Bxh6 gxh6 13. a3 Qe7 14. Nc3 d6 15. Nd5 Qd8 16. Nf6+ Kg7 17. Qd3 Rh8 18. Nh5+ Kf8 19. Qe3 Ke7 20. Qxh6 dxe5 21. Qf6+ Kd7 22. Nxe5+ Nxe5 23. Qxe5 Qe8 24. Nf6+ 1-0

[Event "Chrudim op"]
[Site "Chrudim"]
[Date "2003.07.10"]
[Round "6"]
[White "Hlavacek, Bedrich"]
[Black "Hybl, Vladislav"]
[Result "0-1"]
[WhiteElo "1608"]
[BlackElo "1813"]
[PlyCount "82"]
[EventDate "2003.07.??"]
[EventType "swiss"]
[EventRounds "9"]
[EventCountry "CZE"]
[SourceTitle "EXT 2006"]
[Source "ChessBase"]
[SourceDate "2005.11.24"]
[SourceVersion "1"]
[SourceVersionDate "2005.11.24"]
[SourceQuality "1"]

1. d4 Nf6 2. Nf3 d6 3. e3 Nbd7 4. c4 e5 5. Nc3 Be7 6. Be2 0-0 7. 0-0 c6 8. b3 e4 9. Nd2 d5 10. Bb2 Re8 11. cxd5 cxd5 12. f3 exf3 13. Bxf3 Nb6 14. e4 Be6 15. e5 Nfd7 16. Ne2 Nf8 17. Nf4 Rc8 18. Nxe6 fxe6 19. Rc1 Qd7 20. Bh5 g6 21. Bg4 Bg5 22. Rxc8 Rxc8 23. Nf3 Be3+ 24. Kh1 Qc6 25. Qe2 Bh6 26. Ne1 Rc7 27. Qf2 Qe8 28. Qe2 Rf7 29. Nd3 Rxf1+ 30. Qxf1 Nbd7 31. Ba3 Qf7 32. Qxf7+ Kxf7 33. Nc5 b6 34. Nxd7 Nxd7 35. Bb2 Be3 36. g3 Nb8 37. Kg2 Nc6 38. Kf3 Bxd4 39. Bxd4 Nxd4+ 40. Ke3 Nc6 41. Kd3 Nxe5+ 0-1

[Event "Chrudim op"]
[Site "Chrudim"]
[Date "2003.07.08"]
[Round "2"]
[White "Hlavacek, Bedrich"]
[Black "Filzmaier, Bruno"]
[Result "0-1"]
[WhiteElo "1608"]
[BlackElo "2003"]
[PlyCount "82"]
[EventDate "2003.07.??"]
[EventType "swiss"]
[EventRounds "9"]
[EventCountry "CZE"]
[SourceTitle "EXT 2006"]
[Source "ChessBase"]
[SourceDate "2005.11.24"]
[SourceVersion "1"]
[SourceVersionDate "2005.11.24"]
[SourceQuality "1"]

1. e4 e6 2. d4 d5 3. Nd2 dxe4 4. Nxe4 Nf6 5. Nxf6+ Qxf6 6. Nf3 h6 7. Be2 Bd6 8. 0-0 0-0 9. c4 c5 10. b3 Nc6 11. Bb2 Rd8 12. Rb1 cxd4 13. Nxd4 Be5 14. Qc2 Nxd4 15. Bxd4 Bxd4 16. Rbd1 e5 17. Bd3 g6 18. Qc1 Qg5 19. Qxg5 hxg5 20. Be4 Rb8 21. Bd5 Kg7 22. b4 b6 23. Rd3 Bb7 24. Bxb7 Rxb7 25. Rg3 f6 26. Rc1 Rc8 27. a4 Rbc7 28. h3 Rxc4 29. Rxc4 Rxc4 30. Rb3 a5 31. bxa5 bxa5 32. Ra3 Rc2 33. Rf3 Ra2 34. g3 Rxa4 35. Kg2 Ra2 36. g4 e4 37. Rb3 Rxf2+ 38. Kh1 Rb2 39. Ra3 e3 40. Rxa5 e2 41. Ra1 Rd2 0-1

[Event "Chrudim op"]
[Site "Chrudim"]
[Date "2002.07.15"]
[Round "8"]
[White "Stryka, Rostislav"]
[Black "Hlavacek, Bedrich"]
[Result "1-0"]
[WhiteElo "1459"]
[BlackElo "1598"]
[PlyCount "73"]
[EventDate "2002.07.??"]
[EventType "swiss"]
[EventRounds "9"]
[EventCountry "CZE"]
[SourceTitle "EXT 2006"]
[Source "ChessBase"]
[SourceDate "2005.11.24"]
[SourceVersion "1"]
[SourceVersionDate "2005.11.24"]
[SourceQuality "1"]

1. f4 d5 2. e3 e6 3. Nf3 Nc6 4. Be2 Nf6 5. b3 b6 6. 0-0 Bb7 7. Bb2 Be7 8. Bb5 a6 9. Bxc6+ Bxc6 10. Ne5 Bb7 11. d3 0-0 12. Nd2 Rc8 13. Ng4 c5 14. Be5 Nxg4 15. Qxg4 Bf6 16. h4 Bxe5 17. fxe5 f5 18. Qh3 Qc7 19. h5 Qxe5 20. Rae1 Rf6 21. Nf3 Qd6 22. d4 Rh6 23. Ne5 cxd4 24. exd4 Rxc2 25. g4 Qe7 26. a3 Qg5 27. Rc1 Rxc1 28. Rxc1 Qxc1+ 29. Kg2 Qd2+ 30. Kh1 Qe1+ 31. Kg2 Qe4+ 32. Kf1 Qxd4 33. Nd7 Qd1+ 34. Kf2 Qxg4 35. Qe3 Rxh5 36. Qxe6+ Kh8 37. Qe8# 1-0

[Event "Chrudim op"]
[Site "Chrudim"]
[Date "2002.07.12"]
[Round "5"]
[White "Hlavacek, Bedrich"]
[Black "Pokorny, Jan"]
[Result "0-1"]
[WhiteElo "1598"]
[BlackElo "1711"]
[PlyCount "94"]
[EventDate "2002.07.??"]
[EventType "swiss"]
[EventRounds "9"]
[EventCountry "CZE"]
[SourceTitle "EXT 2006"]
[Source "ChessBase"]
[SourceDate "2005.11.24"]
[SourceVersion "1"]
[SourceVersionDate "2005.11.24"]
[SourceQuality "1"]

1. e4 e5 2. Nf3 Nc6 3. Bb5 a6 4. Ba4 Nf6 5. 0-0 b5 6. Bb3 Be7 7. c3 d6 8. Re1 Na5 9. Bc2 c5 10. d4 Qc7 11. dxe5 dxe5 12. Bg5 0-0 13. Nbd2 Bb7 14. Nf1 b4 15. cxb4 cxb4 16. Rc1 h6 17. Bh4 Rac8 18. Ba4 Qb8 19. Bg3 Rxc1 20. Qxc1 Rc8 21. Qe3 Nc4 22. Qe2 Nxe4 23. Bd7 Nxg3 24. Nxg3 Bxf3 25. Qxf3 Rd8 26. Bf5 Nd2 27. Qe2 Bf6 28. Qxa6 Qc7 29. h3 Qc5 30. Ne4 Nxe4 31. Bxe4 Rd2 32. Re2 Be7 33. Kh2 Rd6 34. Qa4 Rd8 35. Qc2 Qd4 36. Qb3 Kf8 37. Qe3 Qd6 38. Rc2 Qe6 39. b3 f5 40. Bf3 g5 41. Rc6 Bd6 42. Qb6 e4+ 43. Kg1 Rd7 44. Be2 Qe5 45. Rc8+ Ke7 46. Qa6 Qh2+ 47. Kf1 Qh1# 0-1